|
|
|
|
| LEADER |
00000nla2a2200000 4500 |
| 001 |
651147 |
| 005 |
20231221144119.0 |
| 035 |
|
|
|a (RuTPU)RU\TPU\network\16396
|
| 035 |
|
|
|a RU\TPU\network\16393
|
| 090 |
|
|
|a 651147
|
| 100 |
|
|
|a 20161103d2016 k y0rusy50 ba
|
| 101 |
0 |
|
|a eng
|
| 102 |
|
|
|a RU
|
| 105 |
|
|
|a a z 101zy
|
| 135 |
|
|
|a drgn ---uucaa
|
| 181 |
|
0 |
|a i
|
| 182 |
|
0 |
|a b
|
| 200 |
1 |
|
|a Minkowski functionals and fractography of aluminum alloys
|f S. Yu. Tarasov
|
| 203 |
|
|
|a Text
|c electronic
|
| 225 |
1 |
|
|a Методы и средства неразрушающего контроля материалов и конструкций с иерархической структурой
|
| 300 |
|
|
|a Заглавие с экрана
|
| 463 |
|
1 |
|0 (RuTPU)RU\TPU\network\16208
|t Перспективные материалы с иерархической структурой для новых технологий и надежных конструкций
|o тезисы докладов Международной конференции, 19-23 сентября 2016 г., Томск
|f Российская академия наук (РАН), Сибирское отделение (СО), Институт физики прочности и материаловедения (ИФПМ)
|v [С. 367]
|d 2016
|
| 610 |
1 |
|
|a электронный ресурс
|
| 610 |
1 |
|
|a труды учёных ТПУ
|
| 610 |
1 |
|
|a фрактография
|
| 610 |
1 |
|
|a алюминиевые сплавы
|
| 610 |
1 |
|
|a трещины
|
| 610 |
1 |
|
|a хрупкость
|
| 610 |
1 |
|
|a шероховатости
|
| 700 |
|
1 |
|a Tarasov
|b S. Yu.
|c specialist in the field of mechanical engineering
|c Professor of Tomsk Polytechnic University, Doctor of technical sciences
|f 1959-
|g Sergei Yulievich
|3 (RuTPU)RU\TPU\pers\31400
|9 15572
|
| 712 |
0 |
2 |
|a Национальный исследовательский Томский политехнический университет (ТПУ)
|b Институт физики высоких технологий (ИФВТ)
|b Кафедра физики высоких технологий в машиностроении (ФВТМ)
|3 (RuTPU)RU\TPU\col\18687
|
| 801 |
|
1 |
|a RU
|b 63413507
|c 20101016
|
| 801 |
|
2 |
|a RU
|b 63413507
|c 20161103
|g RCR
|
| 856 |
4 |
|
|u http://www.ispms.ru/files/Conference/2016/Sbornik_1.pdf#page=367
|
| 942 |
|
|
|c CF
|